000 01488nam1a22003491i 4500
001 v19\rc\1611844
005 20240723100438.0
035 _a(NLR Aleph) 004732104
090 _a4450791
_c4450791
100 _a20061002e18971899|||y0rusy50 ca
101 1 _arus
_cfre
102 _aRU
105 _a z |||||
200 1 _aРуководство частной патологии и терапии
_fПод ред. P. Brouardel [и др.]
_gПер. д-ра А.А. Говсеева. Т. 1-
210 _aМосква
_cА.А. Карцев
_d1897-1899
215 _d24
300 _aЗагл. т. 2: Руководство по частной патологии и терапии
311 _aОтт. из журн. "Б-ка врача". 1897, № 1-11; 1898, № 1-12; 1899, № 1-6/7
488 0 _12001#$aБиблиотека врача$v1897, № 1-11; 1898, № 1-12; 1899, № 1-6/7
_tБиблиотека врача
702 1 _aБруардель
_bП.К.И.
_f1837-1906
_gПоль Камилл Ипполит
_4340
702 1 _aГовсеев
_bА.А.
_f1872-
_gАлександр Акимович
_4730
801 0 _aRU
_bNLR
_gpsbo
801 0 _aRU
_bRuMoRGB
_2psbo
801 1 _aRU
_bProSoft-M
_2rusmarc
830 _aТ. 1-2 см. в журнале (Ш.: 2/52)
852 _aNLR (2-4)
_jШифры разные
899 _aRuMoRGB
_jU 224/232
899 _aRuMoRGB
_jM 1/82
899 _aRuMoRGB
_jR 7/867
899 _aБАН (3-4)
899 _aНБ МГУ (1-2)
942 _cBOOK